| 000 | 00850nam a22002297a 4500 | ||
|---|---|---|---|
| 999 |
_c16842 _d16842 |
||
| 003 | AR-CdUCM | ||
| 008 | 190417b ||||| |||| 00| 0 spa d | ||
| 040 |
_aMUNICIPALIDAD PROVINCIAL DEL CUSCO _cBIBLIOTECA MUNICIPAL DEL CUSCO |
||
| 041 | _heng | ||
| 082 |
_a513.28 / _bW46 |
||
| 100 |
_aWentworth, Jorge _936541 |
||
| 245 |
_aManual de matemáticas financieras : _bElementos de álgebra / |
||
| 260 |
_aBoston : _bGinn y compañia,, _c1917. |
||
| 300 |
_aIV, 458 páginas ; _bcuadros, formulas _c20 cm. |
||
| 505 | _aContenido: Uso del álgebra -- números negativos -- Expresiones algebraicas -- Suma -- Resta -- Fracciones algebraicas... | ||
| 650 |
_aMatemáticas financieras _919226 |
||
| 650 |
_aInversiones _94219 |
||
| 650 |
_aManuales _95970 |
||
| 700 |
_aSmith, David Eugenio _936542 |
||
| 942 |
_2ddc _cLIBROS |
||
| 945 |
_awnts _d2019-05-6 |
||